01039cam a2200313 a 4500001000500000005001700005008004100022020001500063040002300078050002300101082001400124100003000138245008000168250001200248260003500260300004200295505000800337520012500345521002000470521002000490650003400510650002000544650003300564650002000597700003300617906004500650942001500695999001500710106120230719140314.0010918s2003 nyua b 000 1 eng  a0439301823 aDLCcDLCdDLCbeng00aPZ7.P3856bSm 200300a[Fic]2211 aPennypacker, Sara,d1951-10aStuart goes to school /cby Sara Pennypacker ; illustrated by Martin Matje. a1st ed. aNew York :bScholastic,c2003. a55 pages. :billustrations. ;c20 cm. aO  aWorried about his first day at a new school, eight-year-old Stuart wears his magic cape and hopes that it will help him. a630 bLexile  aO bRaz-Plus  1aFirst day of schoolvFiction. 1aWorryvFiction. 1aClothing and dressvFiction. 1aMagicvFiction.1 aMatje, Martin,eillustrator. a7bcbccorignewd1eocipf20gy-gencatlg 2ddccBKn0 c1061d1061